100 Biggest Cities in Europe before the Black Death - Statistics

General Stats
  • This quiz has been taken 1,912 times
  • The average score is 53 of 100
Answers on the Map
Answers color-coded by a green-red scale on the quiz's map according to % correct below.
 
Answer Stats
Population City % Correct
60k London
98%
200k Paris
98%
30k Rome
96%
25k Athens
95%
39k Barcelona
95%
100k Constantinople (Istanbul)
95%
35k Lisbon
94%
150k Milan
94%
50k Naples
93%
110k Venice
93%
22k Moscow
92%
110k Florence
90%
19k Marseille
88%
43k Palermo
88%
90k Seville
88%
60k Genoa
87%
36k Valencia
87%
25k Prague
86%
20k Vienna
85%
30k Bordeaux
84%
18k Brussels
84%
50k Thessaloniki
83%
54k Cologne
81%
20k Lyon
81%
50k Bologna
78%
100k Garnatah (Granada)
78%
33k Toulouse
78%
50k Córdoba
74%
30k Lille
73%
20k Nándorfehérvár (Belgrade)
73%
22k York
73%
30k Pisa
71%
45k Bruges
70%
60k Ghent
70%
21k Palma de Mallorca
70%
40k Verona
70%
17k Zaragoza
70%
37k Toledo
65%
20k Strasbourg
63%
26k Messina
62%
40k Montpellier
59%
16k Murcia
58%
25k Parma
58%
40k Padua
57%
40k Rouen
57%
20k Aachen
56%
35k Novgorod (Veliky Novgorod)
56%
21k Orléans
56%
23k Lübeck
55%
23k Avignon
53%
17k Dijon
52%
25k León
51%
19k Modena
51%
20k Reims
51%
16k Plovdiv
48%
50k Siena
48%
25k Valladolid
47%
24k Tours
46%
26k Metz
45%
25k Lucca
44%
25k Augsburg
42%
45k Brescia
42%
24k Mainz
42%
21k Amiens
39%
21k Madinat al-Mariyyah (Almería)
37%
25k Smolensk
37%
16k Münster
36%
21k Burgos
34%
21k Angers
33%
30k Mantua
33%
34k Perugia
31%
30k Narbonne
30%
17k Jáen
28%
23k Erfurt
27%
20k Pavia
26%
23k Piacenza
26%
20k Vicenza
26%
25k Troyes
25%
18k Worms
24%
45k Cremona
23%
20k Leuven
23%
100k Sarai-Berke (Selitrennoye)
23%
18k Arezzo
22%
16k Bourges
21%
28k Caffa (Feodosia)
21%
30k Arras
20%
30k L'Aquila
19%
35k Tournai
19%
30k Ypres
18%
21k Speyer
16%
24k Tarnovgrad (Veliko Tarnovo)
15%
17k Valenciennes
14%
35k Saint-Omer
10%
20k Monemvasia
9%
20k Provins
8%
35k Bolghar (Bolgar)
7%
21k Soldaia (Sudak)
7%
20k Medina del Campo
6%
40k Gulistan (Tsarev)
3%
18k Mukhshi
3%
No matching quizzes found
Score Distribution
Percent of People with Each Score
Percentile by Number Answered
Your Score History
You have not taken this quiz